000 nam a22 7a 4500
999 _c28753
_d28753
008 170317b xxu||||| |||| 00| 0 eng d
020 _a9780072862935
050 _aP 90 .D4415 .2005
100 _aDeFleur, Margaret H.
245 _aFundamentals of Human Communication/
_cMargaret H. DeFleur; Patricia Kearney; Timothy G. Plax; Melvin L. DeFleur
250 _a3rd ed.
260 _aBoston:
_bMc Graw-Hill,
_c2005.
300 _axv,454 (25)p.:
_bill.;
_c26cm.
521 _aIncludes bibliographical reference and index.
650 _aCommunication.
700 _aKearney, Patricia
700 _aPlax, Timothy G.
700 _aDeFleur, Melvin L.
942 _2lcc
_cBOOKS
_hZ 52.4 .O24 2003
_01